Detské start-upy to vedia dospelým natrieť

Program iKid určený pre žiakov základných škôl a osemročných gymnázií na Slovensku. Podobnosť záverečnej prehliadky detských vynálezov s podujatím StartupAwards.Sk. Nápady žiakov na podnikanie - nevšedné a praktické pomôcky (umývačka psích labiek, vyhrievaný vešiak atď.). Zážitkové vzdelávanie, krea...

Description complète

Enregistré dans:
Détails bibliographiques
Auteur principal: Andacký, Jozef
Format: Chapitre de livre
Langue:slovaque
Sujets:
Tags: Ajouter un tag
Pas de tags, Soyez le premier à ajouter un tag!

MARC

LEADER 00000naa a2200000 4500
001 0220739
005 20231113105248.3
041 0 |a slo 
044 |a SK 
245 1 0 |a Detské start-upy to vedia dospelým natrieť  |c Jozef Andacký 
520 |a Program iKid určený pre žiakov základných škôl a osemročných gymnázií na Slovensku. Podobnosť záverečnej prehliadky detských vynálezov s podujatím StartupAwards.Sk. Nápady žiakov na podnikanie - nevšedné a praktické pomôcky (umývačka psích labiek, vyhrievaný vešiak atď.). Zážitkové vzdelávanie, kreativita detí a získavanie skúseností. Finálové projekty iKid ročníka 2016. 
610 2 0 |a vzdelávanie 
610 2 0 |a školy základné 
610 2 0 |a školy stredné 
610 2 0 |a podnikanie 
610 2 0 |a start-up 
610 2 0 |a inovácia 
610 2 0 |a kreativita 
610 2 0 |a súťaže 
610 2 0 |a žiaci 
610 2 0 |a deti 
100 1 |a Andacký, Jozef